000 00612nam a22002297a 4500
003 UA-OsUOA
001 99882
007 ta
008 20130520b un ||||| |||| 00| 0 ukr d
100 _aФирсов В.
090 _a821.161.1
_bФ62
942 _cBK
040 _aUA-OsUOA
_brus
_cUA-OsUOA
_dUA-OsUOA
245 _aГлазами столетий
_bстихи и поэмы
300 _a255 с.
955 _a3
041 _arus
080 _a821.161.1
260 _aМ.
_bВоениздат
_c1982
650 7 _a82 Література. Літературознавство
_2UDC
999 _c386114
_d386114